التاج جامع للأصول في تربية و تغذية النشئ / (رقم التسجيلة. 14927)

تفاصيل مارك
000 -LEADER
fixed length control field 00544nam a22001817a 4500
005 - DATE AND TIME OF LATEST TRANSACTION
control field 20251108164817.0
008 - FIXED-LENGTH DATA ELEMENTS--GENERAL INFORMATION
fixed length control field 250721s1986 xx 000 0 ara d
082 14 - DEWEY DECIMAL CLASSIFICATION NUMBER
Classification number 649.3/محس
100 1# - MAIN ENTRY--PERSONAL NAME
Personal name محسن، خليل علي
Relator term مؤلف
245 10 - TITLE STATEMENT
Title التاج جامع للأصول في تربية و تغذية النشئ /
264 1# - PRODUCTION, PUBLICATION, DISTRIBUTION, MANUFACTURE, AND COPYRIGHT NOTICE
Place of production, publication, distribution, manufacture بيروت :
Name of producer, publisher, distributor, manufacturer دار الكنوز الأدبية،
Date of production, publication, distribution, manufacture, or copyright notice 1986.
300 ## - PHYSICAL DESCRIPTION
Extent 321ص.
650 17 - SUBJECT ADDED ENTRY--TOPICAL TERM
Topical term or geographic name as entry element التغذيه
650 17 - SUBJECT ADDED ENTRY--TOPICAL TERM
Topical term or geographic name as entry element الصحه
650 17 - SUBJECT ADDED ENTRY--TOPICAL TERM
Topical term or geographic name as entry element الاطفال
942 ## - ADDED ENTRY ELEMENTS (KOHA)
Source of classification or shelving scheme Dewey Decimal Classification
Koha item type كتب
المقتنيات
حالة السحب حالة الفقدان مصدر التصنيف حالة التلف غير قابل للإعارة المكتبة الرئيسية المكتبة الحالية موقع الرف تاريخ التزويد الرقم المتسلسل Total Checkouts رقم الإستدعاء تاريخ آخر ظهور تاريخ الفاتورة نوع المادة (كوها) الباركود
    Dewey Decimal Classification     المكتبة المركزية المكتبة المركزية مقتنيات قسم التزويد 28/07/2025 1262790   649.3/محس 28/07/2025 28/07/2025 كتب  
    Dewey Decimal Classification     مكتبة أبو علندا العامة مكتبة أبو علندا العامة الإعارة 23/02/2009 1262791   649.3/محس 28/07/2025 23/02/2009 كتب PLD00074688
    Dewey Decimal Classification     مكتبة أم قصير والمقابلين العامة مكتبة أم قصير والمقابلين العامة الإعارة 23/02/2009 1262806   649.3/محس 28/07/2025 23/02/2009 كتب PLD00074703
    Dewey Decimal Classification     مكتبة الأميرة ايمان العامة مكتبة الأميرة ايمان العامة الإعارة 23/02/2009 1262792   649.3/محس 28/07/2025 23/02/2009 كتب PLD00074689
    Dewey Decimal Classification     مكتبة الاميرة بديعة مكتبة الاميرة بديعة الإعارة 23/02/2009 1262793   649.3/محس 28/07/2025 23/02/2009 كتب PLD00074690
    Dewey Decimal Classification     مكتبة البراعم الواعدة مكتبة البراعم الواعدة الإعارة 23/02/2010 1360527   649.3/محس 28/07/2025 23/02/2010 كتب PLD00135427
    Dewey Decimal Classification     مكتبة الجويدة مكتبة الجويدة الإعارة 23/02/2009 1262794   649.3/محس 28/07/2025 23/02/2009 كتب PLD00074691
    Dewey Decimal Classification     مكتبة وادي السير العامة مكتبة وادي السير العامة الإعارة 23/02/2009 1262803   649.3/محس 28/07/2025 23/02/2009 كتب PLD00074700
    Dewey Decimal Classification     مكتبةمؤتة مكتبةمؤتة الإعارة 21/03/2011 1428263   649.3/محس 28/07/2025 21/03/2011 كتب PLD00198155
Implemented & Customized by: BBB with SCIT (Smart Chains for Information Technology)

Powered by Koha